V slovenských organizáciách je interná komunikácia v dôležitých veciach slabá
Historický vývoj jednotlivých rolí internej komunikácie v porovnaní s vnímaním ich celkovej efektivity na Slovensku.
Na minha lista:
| Autor principal: | |
|---|---|
| Formato: | Capítulo de Livro |
| Idioma: | eslovaco |
| Assuntos: | |
| Tags: |
Sem tags, seja o primeiro a adicionar uma tag!
|
MARC
| LEADER | 00000naa a2200000 4500 | ||
|---|---|---|---|
| 001 | 0197402 | ||
| 005 | 20230912114627.0 | ||
| 041 | 0 | |a slo | |
| 044 | |a SK | ||
| 245 | 1 | 0 | |a V slovenských organizáciách je interná komunikácia v dôležitých veciach slabá |c Martin Onofrej |
| 520 | |a Historický vývoj jednotlivých rolí internej komunikácie v porovnaní s vnímaním ich celkovej efektivity na Slovensku. | ||
| 610 | 2 | 0 | |a komunikácia interná |
| 610 | 2 | 0 | |a Slovensko |
| 610 | 2 | 0 | |a podnik |
| 610 | 2 | 0 | |a zamestnanci |
| 100 | 1 | |a Onofrej, Martin | |